On the Behavioral Foundation of Reciprocity habilitačná práca

Gespeichert in:
Bibliographische Detailangaben
1. Verfasser: Servátka, Maroš, 1976-
Körperschaft: Národohospodárska fakulta EU. Katedra financií
Weitere Verfasser: Ochotnický, Pavol
Format: Buch
Sprache:Englisch
Veröffentlicht: Bratislava 2022
Schlagworte:
Tags: Tag hinzufügen
Keine Tags, Fügen Sie das erste Tag hinzu!

MARC

LEADER 00000nbm a2200000 4500
001 0287281
005 20230306111050.6
041 0 |a eng 
044 |a SK 
245 1 0 |a On the Behavioral Foundation of Reciprocity  |b habilitačná práca  |c Maroš Servátka ; oponent: Pavol Ochotnický... [et al.] 
264 1 |a Bratislava  |c 2022 
300 |a 150 s. 
610 2 0 |a správanie 
610 2 0 |a reciprocita 
610 2 0 |a ekonómia behaviorálna 
610 2 0 |a rozhodovanie 
100 1 |a Servátka, Maroš, 1976- 
700 1 |a Ochotnický, Pavol 
710 2 |a Národohospodárska fakulta EU. Katedra financií